| 000 | 01001cab a2200313 4500 | ||
|---|---|---|---|
| 001 | WB3025-04 | ||
| 008 | 090401t1994 xxu||||| |||| 00| 0 eng d | ||
| 035 | _a(Sirsi) u26670 | ||
| 041 | _aeng | ||
| 245 | _aPoor data flow adds 25% to costs | ||
| 260 | _c1994 | ||
| 350 | _a0 | ||
| 490 |
_aContract Journal _v374(5980) 23 June 1994, 7(1) |
||
| 520 | _aA single quality-assured data exchange could reduce project costs. The "European quality manual for building data exchange" by the Business Round Table has been launched. | ||
| 650 | _aBUILDING DATA EXCHANGE | ||
| 650 | _aBUILDING PROJECTS | ||
| 650 | _aCOSTS | ||
| 650 | _aDRAWINGS | ||
| 650 | _aEUROPEAN QUALITY MANUAL FOR BUILDING DATA EXCHANGE | ||
| 650 | _aEUROPEAN QUALITY MANUAL | ||
| 650 | _aEXCHANGE OF INFORMATION | ||
| 650 | _aMODIFICATIONS | ||
| 650 | _aQUALITY ASSURANCE | ||
| 650 | _aROOLEY CONSULTANTS | ||
| 650 | _aTRANSFER OF DRAWINGS | ||
| 690 | _aBUILT ENVIRONMENT | ||
| 942 | _n0 | ||
| 948 | _c04/03/1997 | ||
| 999 |
_c17944 _d17944 |
||